000 00488nam a2200193Ia 4500
005 20230320092139.0
008 131103s9999 xx 000 0 und d
040 _aLoreto College
041 _aEnglish
082 _a822.3
_bBEA
100 _aBeaumont, francis
245 4 _aThe maid's Tragedic
_cfrancis Beaumont
260 _aLondon
_bFrancis Conftable
_c1622
300 _axlvi,346p.
504 _aIncludes glossary
650 _aEnglish drama
850 _aLCLIB
942 _cBK
999 _c21796
_d72275